00509nam a2200193 a 4500001001300000003000900013005001700022008004100039020002600080082001600106100002000122245003500142260005100177300000900228500003500237505001000272650001300282700002000295nice12345678IN_TiNIC20260116014048.0050524s1982 pena grp 000 0 eng  a0812282 c1102.500a231.73bWAR aWard, Benedicta aMiracles and the Medieval Mind aPennsylvaniabUniversity of Pennsylvaniac1982 a322p aincludes index and biblioraphy2 aIndex aMiracles1 aWard, Benedicta